| 000 | 01090nam a22003137a 4500 | ||
|---|---|---|---|
| 001 | 1406 | ||
| 005 | 20231204093045.0 | ||
| 020 | _a0807531006 (hbk.) | ||
| 020 | _a9780807531013 | ||
| 040 |
_aDLC _cDLC _dDLC _beng |
||
| 050 | 0 | 0 |
_aPZ7.W244 _bGy 2000 |
| 082 | 0 | 0 | _a813 |
| 100 | 1 |
_aWarner, Gertrude Chandler _d1890-1979. |
|
| 245 | 1 | 4 |
_aThe gymnastics mystery / _c by Gertrude Chandler Warner ; illustrated by Charles Tang. |
| 260 |
_aMorton Grove : _bAlbert Whitman, _c1999 |
||
| 300 |
_a132 pages : _billustrations ; _c20 cm |
||
| 490 | 1 |
_aThe boxcar children _vBook 73 |
|
| 505 | _aM | ||
| 520 | _aThe Aldens try to help a visiting Russian gymnast who is surrounded by mysterious people and events and who seems to have a secret. | ||
| 521 |
_a550
_bLexile |
||
| 521 |
_aM
_bRaz-Plus |
||
| 650 | 1 |
_aGymnastics _vFiction. |
|
| 650 | 1 |
_aBrothers and sisters _vFiction. |
|
| 650 | 1 |
_aOrphans _vFiction. |
|
| 650 | 1 | _aMystery and detective stories. | |
| 700 | 1 |
_aTang, Charles _eillustrator |
|
| 906 |
_a7 _bcbc _corignew _d1 _eocip _f19 _gy-gencatlg |
||
| 942 |
_2ddc _cBK _n0 |
||
| 999 |
_c1406 _d1406 |
||